Statistiques concernant Mêmes mots dans les noms de pays

Cliquez ici pour prendre le quiz!

Statistiques générales

  • Ce quiz a été pris 331 fois
  • Le résultat moyen est 16 sur 31

Statistiques - réponses

MotPays% Correct
saintSaint-Marin
86%
néeGuinée
84%
Saint-Vincent-et-les-
Grenadines
79%
Sainte-Lucie
77%
Saint-Christophe-
et-Niévès
74%
Guinée-Bissau
73%
Guinée équatoriale
72%
ÎleÎles Marshall
70%
Île Maurice
62%
Mozambique
62%
Barbade
59%
Roumanie
58%
Papouasie-Nouvelle-
Guinée
56%
Papouasie-Nouvelle-
Guinée
56%
manieBirmanie
52%
Mexique
52%
queRépublique tchèque
48%
Afrique du Sud
47%
République démocratique
du Congo
47%
République du Congo
45%
Belgique
44%
Dominique
44%
République dominicaine
43%
République Centrafricaine
41%
Jamaïque
38%
asBahamas
31%
Honduras
28%
barAntigua-et-Barbuda
16%
Madagascar
14%
Pays-Bas
12%
Burkina Faso
4%

Distribution des résultats

Percentile par nombre de réponses

% des personnes avec chaque résultat

Votre développement - résultats

Vous n’avez pas pris ce quiz